000 00752nam a2200193Ia 4500
003 GCL
008 140319s9999 xx 000 0 ara d
020 _a9026139977
040 _aGCL /
_cGCL
082 0 4 _a364.168
_bع ج
100 1 _aعمر محمد ابوبكر بن يونس
245 1 0 _aالجرائم الناشئة عن استخدام الانترنت :
_bالاحكام الموضوعية والجوانب الاجرائية /
_cعمر محمد ابوبكر بن يونس
250 _aالاولى
260 _aالقاهرة :
_bدار النهضة العربية ،
_c2004
300 _a1031 ص ؛
_c24 سم
650 0 4 _aجرائم الانترنت
650 0 4 _aجرائم الحاسبات الالكترونية
942 _2ddc
_cBK
999 _c8604
_d8604